Księżyce Jowisza - Statystyki

Ogólne statystyki
  • Ten quiz został rozwiązany 31 razy
  • Średni wynik to 10 z 72
Statystyki odpowiedzi
Numer Średnicakm Nazwa księżyca % Poprawnych
II 3122 Europa
100%
III 5262 Ganimedes
85%
I 3643 Io
85%
IV 4821 Kallisto
73%
XVI 44 Metis
19%
XIV 98 Tebe
19%
XV 16 Adrastea
15%
V 168 Amaltea
15%
LXXI 3 Ersa
15%
XIII 18 Leda
15%
LXV 3 Pandia
15%
XLI 4 Aoede
12%
LIII 4 Dia
12%
VII 78 Elara
12%
XXII 4 Harpalyke
12%
VI 160 Himalia
12%
XLVI 3 Karpo
12%
X 38 Lizytea
12%
XVIII 9 Temisto
12%
XXIX 4 Thyone
12%
XXXI 3 Aitne
8%
XII 28 Ananke
8%
XLIII 3 Arche
8%
XXVIII 4 Autonoe
8%
XVII 7 Callirrhoe
8%
XXI 4 Chaldene
8%
XLVIII 2 Cyllene
8%
LVII 4 Eirene
8%
XXV 3 Erinome
8%
XXXIII 3 Euanthe
8%
LX 2 Eufeme
8%
XLVII 4 Eukelade
8%
XXXIV 2 Euporie
8%
XXXII 3 Eurydome
8%
LVIII 2 Filofrosyne
8%
XXXIX 3 Hegemone
8%
XLV 4 Helike
8%
XXX 4 Hermippe
8%
L 2 Herse
8%
XXVI 4 Isonoe
8%
XXIV 5 Jokasta
8%
LI 2 Jowisz LI
8%
LII 1 Jowisz LII
8%
LIV 1 Jowisz LIV
8%
LVIX 2 Jowisz LIX
8%
LV 2 Jowisz LV
8%
LVI 1 Jowisz LVI
8%
LXI 2 Jowisz LXI
8%
LXIII 2 Jowisz LXIII
8%
LXIV 2 Jowisz LXIV
8%
LXIX 1 Jowisz LXIX
8%
LXVI 2 Jowisz LXVI
8%
LXVII 2 Jowisz LXVII
8%
LXVIII 2 Jowisz LXVIII
8%
LXX 3 Jowisz LXX
8%
LXXII 2 Jowisz LXXII
8%
XXXVII 2 Kale
8%
XLIV 2 Kallichore
8%
XXIII 5 Kalyke
8%
XI 46 Karme
8%
XLIX 2 Kore
8%
XIX 6 Megaclite
8%
XL 2 Mneme
8%
XXXV 2 Orthosie
8%
XXXVIII 2 Pasithee
8%
VIII 58 Pazyfae
8%
XXVII 7 Praxidike
8%
IX 38 Sinope
8%
XXXVI 2 Sponde
8%
XX 5 Taygete
8%
XLII 2 Thelxinoe
8%
LXII 1 Valetudo
8%
Nie znaleziono quizów pasujących do podanych kryteriów
Rozkład punktacji
Procent ludzi z każdym wynikiem
Percentyl według liczby udzielonych odpowiedzi
Twoja historia wyników
Nie rozwiązałeś tego quizu